In the whale / (Record no. 32584)

MARC details
000 -LEADER
fixed length control field 01097nam a2200289 a 4500
005 - DATE AND TIME OF LATEST TRANSACTION
control field 20091211155248.0
008 - FIXED-LENGTH DATA ELEMENTS--GENERAL INFORMATION
fixed length control field 030212s2003 nyua b 000 1 eng
020 ## - INTERNATIONAL STANDARD BOOK NUMBER
International Standard Book Number 037582524X
Terms of availability 100.00
020 ## - INTERNATIONAL STANDARD BOOK NUMBER
International Standard Book Number 0375925244
Terms of availability 100.00
037 ## - SOURCE OF ACQUISITION
Source of stock number/acquisition Blueberry Books
040 ## - CATALOGING SOURCE
Original cataloging agency dpl
Language of cataloging English
082 ## - DEWEY DECIMAL CLASSIFICATION NUMBER
Classification number S
100 ## - MAIN ENTRY--PERSONAL NAME
Personal name Greenburg, J. C.
Fuller form of name (Judith C.)
245 ## - TITLE STATEMENT
Title In the whale /
Statement of responsibility, etc by J.C. Greenburg ; illustrated by Mike Reed
260 ## - PUBLICATION, DISTRIBUTION, ETC. (IMPRINT)
Place of publication, distribution, etc New York
Name of publisher, distributor, etc Random House
Date of publication, distribution, etc 2003
300 ## - PHYSICAL DESCRIPTION
Extent 84 p. :
Other physical details ill.
Dimensions 20 cm(pbk)
490 ## - SERIES STATEMENT
Series statement Andrew lost ;
Volume number/sequential designation 6
500 ## - GENERAL NOTE
General note "A stepping stone book."
520 ## - SUMMARY, ETC.
Summary, etc While trying to recover from their accidental underwater adventure, Andrew, his cousin Judy, and Thudd the robot are swallowed by a blue whale, the world's largest creature.
650 ## - SUBJECT ADDED ENTRY--TOPICAL TERM
Topical term or geographic name as entry element Blue whale
Form subdivision Fiction.
650 ## - SUBJECT ADDED ENTRY--TOPICAL TERM
Topical term or geographic name as entry element Whales
Form subdivision Fiction.
650 ## - SUBJECT ADDED ENTRY--TOPICAL TERM
Topical term or geographic name as entry element Cousins
Form subdivision Fiction.
700 ## - ADDED ENTRY--PERSONAL NAME
Personal name Reed. Mike
942 ## - ADDED ENTRY ELEMENTS (KOHA)
Source of classification or shelving scheme Dewey Decimal Classification
Item type Children Books
Classification part S
Call number suffix GRE
Holdings
Withdrawn status Lost status Source of classification or shelving scheme Damaged status Not for loan Collection code Home library Current library Date acquired Cost, normal purchase price Total Checkouts Full call number Date last seen Cost, replacement price Koha item type
    Dewey Decimal Classification     Fiction Andrews Gunj Andrews Gunj 11/12/2009 100.00   S GRE 11/12/2009 100.00 Children Books

© Delhi Public Library
Hit Counter
free hit counter